00487pab a2200157 454500008004000000100002200040245008100062260000900143300001700152362000800169650003700177650003300214650002800247650002100275773003300296180718b2013 xxu||||| |||| 00| 0 eng d aKimeldorf, Howard aWorker replacement costs and unionization origins of the U.S. labor movement c2013 ap.1033-1062. aDec aLabour movements - United States aTrade unions - Unites States aWorkers - Unites States aLabour movements aAmerican Sociologocal Review